000 00976nam a2200193Ia 4500
999 _c39591
_d39591
001 6191
003 GE_BSU
005 20190628213048.0
008 181216s1980|||| |||||||||||||| ||geo||
041 _ageo
080 _a621.91(075.8) გ-74
100 _aგოცირიძე, გ.
_93122
245 _aლითონსაჭრელი ჩარხების კინემატიკური გაანგარიშების საფუძვლები : დამხ.სახელმძღ. /
_cგ. გოცირიძე ; რედ : ე. გიორგაძე .
264 _aთბილისი :
_bსპი,
_c1980.
300 _a146 გვ .:
_bცხრ;ნახ.
_c20 სმ.
653 _aლითონსაჭრელი ჩარხების კინემატიკური გაანგარიშება
700 _aგიორგაძე, ე
_eრედაქტორი
_9398
942 _cBK
_2udc